| 000 | 02168cam a22005654i 4500 | ||
|---|---|---|---|
| 003 | PE-LiUPU | ||
| 005 | 20250731180155.0 | ||
| 008 | 150616s1994 mx a rb 000 0 spa d | ||
| 020 | _a9789684441507 | ||
| 020 | _a9684441509 | ||
| 040 |
_aPE-LiUPU _bspa _cPE-LiUPU _erda |
||
| 049 | _aPRUA | ||
| 082 | 0 | 4 |
_a515.35 _bC287e _221 |
| 100 | 1 |
_aCarmona Jover, Isabel, _eautor. |
|
| 245 | 1 | 0 |
_aEcuaciones Diferenciales / _cIsabel Carmona Jover. |
| 250 |
_aCuarta edición. _bTercera reimpresión. |
||
| 264 | 1 |
_aMéxico : _bEditorial Alhambra Mexicana, _c1997. |
|
| 300 |
_a644 páginas : _bilustraciones ; _c23 centímetros. |
||
| 336 |
_atext _2rdacontent |
||
| 337 |
_aunmediated _2rdamedia |
||
| 338 |
_avolume _2rdacarrier |
||
| 500 | _aOtra edición: 1997 El ejemplar 45248 costo 107.70 soles (21a99). | ||
| 504 | _aBibliografía: páginas 639-640. | ||
| 505 | 0 | _a¿Qué son las ecuaciones diferenciales? -- Ecuaciones diferenciales ordinarias de primer orden -- Aplicaciones de las ecuaciones diferenciales de primer orden -- Ecuaciones diferenciales de orden superior -- Aplicaciones de las ecuaciones diferenciales de segundo orden -- Resolución de ecuaciones diferenciales mediante series -- Transformadas de laplace -- Series de fourier. | |
| 526 | _aSEG44 | ||
| 526 | _aSEG26 | ||
| 526 | _aP159 | ||
| 526 | _aP155 | ||
| 526 | _aP154 | ||
| 526 | _aP153 | ||
| 526 | _aP150 | ||
| 526 | _aP100 | ||
| 526 | _aP31 | ||
| 526 | _aP30 | ||
| 526 | _aP26 | ||
| 526 | _aP25 | ||
| 526 | _aP24 | ||
| 526 | _aP22 | ||
| 526 | _aP15 | ||
| 526 | _aP10 | ||
| 650 | 1 | 4 |
_aEcuaciones diferenciales. _9176 |
| 910 | _ajck | ||
| 910 | _adbm | ||
| 942 |
_2ddc _cBK |
||
| 949 |
_a515.35 _wDEWEY _c1 _i45248 _lCCODEBUL1 _mBUL _n2 _r0 _sY _tBOOK _u2015-4-23 _xINGENIERIA _zUNKNOWN _0COMPRA _o.STAFF. Colección Ingeniería y Arquitectura |
||
| 949 |
_a515.35 C26 _wDEWEY _c2 _i41424 _lCCODEBUL1 _mBUL _r0 _sY _tBOOK _u2015-6-16 _xINGENIERIA _zUNKNOWN _0COMPRA _o.STAFF. Colección Ingeniería y Arquitectura |
||
| 980 |
_81 _gALBERTO SANCHEZ Responsable de Automatización |
||
| 999 |
_c59093 _d59093 |
||